000 00466nam a2200181Ia 4500
001 19725
005 20260306172714.0
008 260306t2005||||xx |||||||||||||| ||spa||
041 _aESP
082 _a341
_bM27A T. 1
100 _aMassini Correas, Carlos I.
_eAUT
245 0 _aFilosofĂ­a del derecho:
_bel derecho, los derechos humanos y el derecho natural
260 _c2005
300 _a
_c
650 _aGEN
654 _aCDE
942 _cLIB
_dJUS
_fJUS
_2ddc
_n
999 _c19725
_d19725